| 000 | 01138nam a2200277Ia 4500 | ||
|---|---|---|---|
| 003 | OSt | ||
| 005 | 20221005104206.0 | ||
| 006 | a|||||r|||| 00| 0 | ||
| 007 | ta | ||
| 008 | 221004b |||||||| |||| 00| 0 hin d | ||
| 020 |
_a9788183152112 (hbk) _c2000 |
||
| 024 | _a2523 | ||
| 037 |
_b369, 21/01/2013, Eastern Book Linkers _cTextual |
||
| 040 |
_aCRL _cCRL _bhin |
||
| 041 |
_2hin _ahin |
||
| 082 | _aR65jN42, 152Q3 | ||
| 100 | _aपाण्डेय, रेवतीरमण | ||
| 245 | 0 | _aवेदान्त दर्शन के आयाम | |
| 246 | _aVedānta darshan ke āyāma | ||
| 260 |
_aदिल्ली _bन्यू भारतीय बुक कारपोरेशन भारत _c2013 |
||
| 300 |
_a607पृ0 _ccm. |
||
| 650 | _aभारतीय दर्शन | ||
| 700 | _a शर्मा, अम्बिकादत्त, संपा. | ||
| 942 |
_hR65jN42, 152Q3 _cTEXL _2cc |
||
| 999 |
_c1011991 _d1011991 |
||